00601nam a2200169 i 450000100060000000300090000600500170001500700030003200800410003510000290007624500860010526000480019130000210023985200320026099900170029295201220030970910ES-MaACL20230906170949.0t|040804s1972 sp ||||1| spa d1 aGarrudo, Tomás.95578810aCertificado de Estudios Primarios b: problemas y ejercicios / cTomás Garrudo. a[Sevilla : bEditorial Católica], c1972. a62 h. ; c28 cm. aES-MaACLjC-43398 bR.81140 c70910d70910 00104070aATENEOMbATENEOMcDEPO2d2008-01-17eSCl0oC-43398p1074256r2023-02-23 00:00:00w2023-02-23yMONOGRAFIA